[Event "Muensterland Regionalliga Gr2 2223"]
[Site "Germany"]
[Date "2023.02.25"]
[Round "5.6"]
[White "Broemmel, Rudolf"]
[Black "Klueppel, Ralf"]
[Result "1/2-1/2"]
[WhiteElo "1926"]
[BlackElo "1763"]
[PlyCount "46"]
[EventDate "2022.09.03"]
[EventType "team-tourn"]
[EventRounds "5"]
[EventCountry "GER"]
[SourceTitle "EXT 2024"]
[Source "ChessBase"]
[SourceDate "2023.10.10"]
[SourceVersion "1"]
[SourceVersionDate "2023.10.10"]
[SourceQuality "1"]
[WhiteTeam "Raesfeld Erle"]
[BlackTeam "Borken"]
[WhiteTeamCountry "GER"]
[BlackTeamCountry "GER"]

1. d4 d5 2. Bg5 g6 3. Nf3 Bg7 4. e3 Nf6 5. c4 0-0 6. Nc3 Ne4 7. cxd5 Nxg5 8. Nxg5 e6 9. Nh3 exd5 10. Nf4 c6 11. Be2 Nd7 12. 0-0 Re8 13. b4 Nf8 14. Na4 Ne6 15. Nxe6 Bxe6 16. Nc5 Qe7 17. Qb3 Bf5 18. Rfe1 h5 19. Rac1 Bh6 20. Kf1 Qc7 21. Kg1 Qe7 22. Kf1 Rab8 23. Bd3 Bg4 1/2-1/2

[Event "Muensterland Regionalliga Gr2 2223"]
[Site "Germany"]
[Date "2023.01.14"]
[Round "4.6"]
[White "Klueppel, Ralf"]
[Black "Rothkegel, Juergen"]
[Result "1/2-1/2"]
[WhiteElo "1763"]
[BlackElo "1887"]
[PlyCount "33"]
[EventDate "2022.09.03"]
[EventType "team-tourn"]
[EventRounds "5"]
[EventCountry "GER"]
[SourceTitle "EXT 2024"]
[Source "ChessBase"]
[SourceDate "2023.10.10"]
[SourceVersion "1"]
[SourceVersionDate "2023.10.10"]
[SourceQuality "1"]
[WhiteTeam "Borken"]
[BlackTeam "Gronau"]
[WhiteTeamCountry "GER"]
[BlackTeamCountry "GER"]

1. d4 Nf6 2. Nf3 e6 3. e3 c5 4. Bd3 d5 5. b3 cxd4 6. exd4 Bd6 7. 0-0 0-0 8. Bb2 Nc6 9. Nbd2 b6 10. Ne5 Qc7 11. Nxc6 Qxc6 12. Qe2 Qc7 13. Nf3 Bb7 14. Ne5 h6 15. Rac1 Rac8 16. h3 Qe7 17. Rfe1 1/2-1/2

[Event "Muensterland Regionalliga Gr2 2223"]
[Site "Germany"]
[Date "2022.11.05"]
[Round "3.5"]
[White "Klueppel, Ralf"]
[Black "Gehlen, Horst"]
[Result "0-1"]
[WhiteElo "1763"]
[BlackElo "1765"]
[PlyCount "112"]
[EventDate "2022.09.03"]
[EventType "team-tourn"]
[EventRounds "5"]
[EventCountry "GER"]
[SourceTitle "EXT 2024"]
[Source "ChessBase"]
[SourceDate "2023.10.10"]
[SourceVersion "1"]
[SourceVersionDate "2023.10.10"]
[SourceQuality "1"]
[WhiteTeam "Borken"]
[BlackTeam "Duelmen"]
[WhiteTeamCountry "GER"]
[BlackTeamCountry "GER"]

1. d4 d5 2. Nf3 Nf6 3. e3 c5 4. b3 Bg4 5. Bb2 e6 6. Nbd2 Nc6 7. Be2 Bd6 8. 0-0 0-0 9. a3 Rc8 10. Rc1 Qe7 11. dxc5 Bxc5 12. b4 Bd6 13. c4 b6 14. Qb3 Ne4 15. Qd1 Rfd8 16. cxd5 exd5 17. h3 Bf5 18. Bb5 Ne5 19. Ba6 Rxc1 20. Qxc1 Ng5 21. Bxe5 Nxf3+ 22. Nxf3 Bxe5 23. Nxe5 Qxe5 24. Rd1 h5 25. Rd4 Rd7 26. Qd2 Rc7 27. Bd3 Be6 28. Be2 Qg5 29. Kh2 Qf5 30. Bd3 Qe5+ 31. Kg1 g5 32. Be2 g4 33. hxg4 h4 34. f4 Qf6 35. Bf3 h3 36. f5 Bc8 37. gxh3 Qh4 38. Qg2 Qe1+ 39. Kh2 Qxe3 40. Rd2 Qf4+ 41. Kg1 Rc1+ 42. Bd1 Bb7 43. Qf2 Qe4 44. Qd4 Qf3 45. Kh2 Qf1 46. Be2 Qh1+ 47. Kg3 Rg1+ 48. Kh4 Qh2 49. Qe3 Qd6 50. Qg5+ Kf8 51. Qe3 Rg2 52. Bb5 Qf6+ 53. Kh5 Qh8+ 54. Kg5 f6+ 55. Kg6 Qg7+ 56. Kh5 Qh7+ 0-1

[Event "Muensterland Regionalliga Gr2 2223"]
[Site "Germany"]
[Date "2022.09.03"]
[Round "1.6"]
[White "Klueppel, Ralf"]
[Black "Sparwel, Oliver"]
[Result "1/2-1/2"]
[WhiteElo "1763"]
[BlackElo "1949"]
[PlyCount "31"]
[EventDate "2022.09.03"]
[EventType "team-tourn"]
[EventRounds "5"]
[EventCountry "GER"]
[SourceTitle "EXT 2024"]
[Source "ChessBase"]
[SourceDate "2023.10.10"]
[SourceVersion "1"]
[SourceVersionDate "2023.10.10"]
[SourceQuality "1"]
[WhiteTeam "Borken"]
[BlackTeam "Suedlohn"]
[WhiteTeamCountry "GER"]
[BlackTeamCountry "GER"]

1. d4 Nf6 2. Nf3 d5 3. e3 e6 4. Bd3 c5 5. b3 Nc6 6. Bb2 cxd4 7. exd4 Bd6 8. Nbd2 0-0 9. 0-0 a6 10. a3 b5 11. Ne5 Qb6 12. Nxc6 Qxc6 13. Qe2 Bb7 14. Nf3 Ne4 15. Ne5 Bxe5 16. dxe5 1/2-1/2

[Event "Muensterland Regionalliga 1920"]
[Site "Germany"]
[Date "2020.01.11"]
[Round "5.7"]
[White "Klueppel, Ralf"]
[Black "Murina, Reinhard"]
[Result "0-1"]
[WhiteElo "1784"]
[BlackElo "1920"]
[PlyCount "90"]
[EventDate "2019.09.07"]
[EventType "team-tourn"]
[EventRounds "7"]
[EventCountry "GER"]
[SourceTitle "EXT 2023"]
[Source "ChessBase"]
[SourceDate "2022.10.05"]
[SourceVersion "1"]
[SourceVersionDate "2022.10.05"]
[SourceQuality "1"]
[WhiteTeam "Borken"]
[BlackTeam "Bocholt"]
[WhiteTeamCountry "GER"]
[BlackTeamCountry "GER"]

1. d4 Nf6 2. Nf3 g6 3. g3 d5 4. Bg2 c6 5. 0-0 Bg7 6. h3 0-0 7. Be3 Re8 8. Ne5 Be6 9. Nd2 Nfd7 10. Ndf3 f6 11. Nd3 a5 12. a3 Kh8 13. Qd2 Bg8 14. Bh6 e5 15. Bxg7+ Kxg7 16. dxe5 fxe5 17. Nh2 Nf6 18. b4 Nbd7 19. Nb2 axb4 20. axb4 Qe7 21. Rfb1 Nb6 22. c3 Qc7 23. Nf1 Be6 24. Qd1 Rad8 25. Nd2 Bf5 26. Rc1 Qe7 27. Na4 Nbd7 28. Qb3 Be6 29. Qc2 b5 30. Nb2 Ra8 31. Qd1 e4 32. Rxa8 Rxa8 33. Nb3 Ra2 34. Qc2 Ne5 35. Qb1 Ra8 36. Qc2 Bf5 37. g4 Bxg4 38. hxg4 Nfxg4 39. Nd1 Qh4 40. Qd2 Rf8 41. Ra1 e3 42. Ra7+ Kh8 43. Nxe3 Qxf2+ 44. Kh1 Qh4+ 45. Kg1 Qh2# 0-1

[Event "Muensterland Verbandsliga 1819"]
[Site "Germany"]
[Date "2019.03.16"]
[Round "8.8"]
[White "Klueppel, Ralf"]
[Black "Tecklenborg, Georg"]
[Result "1/2-1/2"]
[WhiteElo "1734"]
[BlackElo "1745"]
[PlyCount "122"]
[EventDate "2018.09.01"]
[EventType "team-tourn"]
[EventRounds "9"]
[EventCountry "GER"]
[SourceTitle "EXT 2020"]
[Source "ChessBase"]
[SourceDate "2019.10.17"]
[SourceVersion "1"]
[SourceVersionDate "2019.10.17"]
[SourceQuality "1"]
[WhiteTeam "Borken"]
[BlackTeam "Duelmen"]
[WhiteTeamCountry "GER"]
[BlackTeamCountry "GER"]

1. d4 d5 2. Nf3 e6 3. e3 Bd6 4. b3 f5 5. g3 c6 6. Bg2 Nf6 7. 0-0 Nbd7 8. c4 0-0 9. Ba3 Bxa3 10. Nxa3 Qe7 11. Nc2 e5 12. dxe5 Nxe5 13. Nxe5 Qxe5 14. cxd5 Rd8 15. Qd4 Qxd4 16. Nxd4 Nxd5 17. Rac1 Kf7 18. Rc5 Be6 19. Bxd5 Bxd5 20. Nxf5 a5 21. f3 a4 22. Rf2 axb3 23. axb3 Bxb3 24. Rb2 Rd1+ 25. Kg2 Ra2 26. Rxa2 Bxa2 27. Rc2 Be6 28. Nd4 Ra1 29. Kf2 Ra2 30. Ke2 Rxc2+ 31. Nxc2 c5 32. Kd2 Bc4 33. Ne1 Ke6 34. Kc3 Be2 35. Nd3 Kd6 36. Ne1 b5 37. Kd2 Bf1 38. Kc3 Kd5 39. e4+ Kd6 40. f4 b4+ 41. Kb3 Bh3 42. Nd3 Kc6 43. f5 Kb5 44. Nf4 Bg4 45. Kc2 Bf3 46. e5 Be4+ 47. Kb2 Bxf5 48. e6 c4 49. e7 Bd7 50. Nh5 c3+ 51. Kc1 Kc4 52. Nxg7 Kd3 53. e8Q Bxe8 54. Nxe8 b3 55. Nd6 b2+ 56. Kb1 Kd2 57. Ne4+ Kd3 58. Nxc3 Kxc3 59. g4 Kd4 60. Kxb2 Ke4 61. Kc3 Kf3 1/2-1/2

[Event "Muensterland Verbandsliga 1617"]
[Site "Germany"]
[Date "2017.02.25"]
[Round "7.8"]
[White "Stumpe, Danny"]
[Black "Klueppel, Ralf"]
[Result "0-1"]
[WhiteElo "1700"]
[BlackElo "1729"]
[PlyCount "114"]
[EventDate "2016.09.10"]
[EventType "team"]
[EventRounds "9"]
[EventCountry "GER"]
[SourceTitle "EXT 2018"]
[Source "ChessBase"]
[SourceDate "2017.10.13"]
[SourceVersion "1"]
[SourceVersionDate "2017.10.13"]
[SourceQuality "1"]
[WhiteTeam "Muenster SK IV"]
[BlackTeam "Borken"]
[WhiteTeamCountry "GER"]
[BlackTeamCountry "GER"]

1. e4 c6 2. Nf3 d5 3. exd5 cxd5 4. d4 Nf6 5. Bd3 Nc6 6. 0-0 Bg4 7. c3 e6 8. Bb5 Qb6 9. Ba4 Bd6 10. Qd3 Bf5 11. Qe2 Bg4 12. Qd3 0-0 13. Nbd2 Bf5 14. Qe2 Qc7 15. Re1 h6 16. Nf1 a6 17. Bc2 Bxc2 18. Qxc2 Rac8 19. Be3 b5 20. Qe2 Ra8 21. Rac1 Rfc8 22. N3d2 Qb8 23. Qf3 Nh7 24. Qg4 Kh8 25. f4 Ne7 26. Nf3 f5 27. Qg3 g5 28. Ne5 Bxe5 29. dxe5 Rg8 30. Bc5 Ng6 31. fxg5 Nxg5 32. Nd2 Qc7 33. Bd4 Rg7 34. Kh1 Rag8 35. Qf2 Qf7 36. b3 Rd8 37. c4 dxc4 38. bxc4 Qd7 39. Nb3 Ne4 40. Rxe4 fxe4 41. c5 Ne7 42. Qf6 Nf5 43. c6 Qc8 44. Bc5 e3 45. g4 e2 46. Bd6 Nxd6 47. Qxh6+ Kg8 48. exd6 Rxd6 49. Nd2 Rxc6 50. Rg1 Rc1 51. Nf3 Rxg1+ 52. Kxg1 Qc5+ 53. Kg2 Qd5 54. Kf2 Qe4 55. Qh5 e1Q+ 56. Nxe1 Rf7+ 57. Kg3 Qxe1+ 0-1

[Event "Muensterland Verbandsliga 1617"]
[Site "Germany"]
[Date "2016.10.01"]
[Round "2.7"]
[White "Hoeing, Johannes"]
[Black "Klueppel, Ralf"]
[Result "1-0"]
[WhiteElo "1801"]
[BlackElo "1729"]
[PlyCount "73"]
[EventDate "2016.09.10"]
[EventType "team"]
[EventRounds "9"]
[EventCountry "GER"]
[SourceTitle "EXT 2018"]
[Source "ChessBase"]
[SourceDate "2017.10.13"]
[SourceVersion "1"]
[SourceVersionDate "2017.10.13"]
[SourceQuality "1"]
[WhiteTeam "Suedlohn II"]
[BlackTeam "Borken"]
[WhiteTeamCountry "GER"]
[BlackTeamCountry "GER"]

1. Nf3 d5 2. g3 Nf6 3. Bg2 g6 4. c4 Bg7 5. 0-0 0-0 6. cxd5 Nxd5 7. Nc3 Nxc3 8. bxc3 Nc6 9. d4 e5 10. e3 Re8 11. a4 Rb8 12. Bb2 Be6 13. Nd2 Qd7 14. Re1 exd4 15. cxd4 Bh3 16. Bxh3 Qxh3 17. Qb3 b6 18. Rac1 Na5 19. Qa2 Rbc8 20. Ba3 h5 21. Bb4 Nb7 22. Qd5 Nd8 23. a5 Ne6 24. Nf3 Qg4 25. Kg2 Red8 26. Qc6 Ng5 27. Nxg5 Qxg5 28. h4 Qd5+ 29. Qxd5 Rxd5 30. axb6 axb6 31. Rc6 Rb5 32. Bd6 Rb2 33. Bxc7 b5 34. Rec1 Ra8 35. Bd6 Raa2 36. Rb6 Bf8 37. Rb8 1-0

[Event "Muensterland Verbandsliga 1617"]
[Site "Germany"]
[Date "2016.09.10"]
[Round "1.6"]
[White "Schemmann, Bernhard"]
[Black "Klueppel, Ralf"]
[Result "1/2-1/2"]
[WhiteElo "1853"]
[BlackElo "1729"]
[PlyCount "38"]
[EventDate "2016.09.10"]
[EventType "team"]
[EventRounds "9"]
[EventCountry "GER"]
[SourceTitle "EXT 2018"]
[Source "ChessBase"]
[SourceDate "2017.10.13"]
[SourceVersion "1"]
[SourceVersionDate "2017.10.13"]
[SourceQuality "1"]
[WhiteTeam "Beelen"]
[BlackTeam "Borken"]
[WhiteTeamCountry "GER"]
[BlackTeamCountry "GER"]

1. e4 c6 2. c4 d5 3. exd5 cxd5 4. cxd5 Nf6 5. Bb5+ Nbd7 6. Nc3 g6 7. d3 Bg7 8. Qf3 0-0 9. Nge2 a6 10. Bxd7 Bxd7 11. h3 b5 12. b4 a5 13. Rb1 Qc7 14. 0-0 Rfd8 15. bxa5 Rxa5 16. Be3 Qb7 17. Bc5 Be8 18. Qe3 Nxd5 19. Nxd5 Rxd5 1/2-1/2

[Event "Muensterland Verbandsliga 1516"]
[Site "Germany"]
[Date "2016.04.23"]
[Round "8.6"]
[White "Klueppel, Ralf"]
[Black "Fehlings, Gerd"]
[Result "1-0"]
[WhiteElo "1686"]
[BlackElo "1735"]
[PlyCount "59"]
[EventDate "2015.09.12"]
[EventType "team"]
[EventRounds "9"]
[EventCountry "GER"]
[SourceTitle "EXT 2017"]
[Source "ChessBase"]
[SourceDate "2016.10.25"]
[SourceVersion "1"]
[SourceVersionDate "2016.10.25"]
[SourceQuality "1"]
[WhiteTeam "Borken"]
[BlackTeam "Emsdetten Rochade II"]
[WhiteTeamCountry "GER"]
[BlackTeamCountry "GER"]

1. d4 e6 2. Nf3 d5 3. e3 Bd6 4. Bd3 f5 5. b3 Nf6 6. c4 c6 7. 0-0 Qe7 8. a4 0-0 9. Ba3 Ne4 10. Bxd6 Qxd6 11. Ne5 Nd7 12. Nxd7 Bxd7 13. f3 Nf6 14. f4 b6 15. Qd2 a5 16. Rd1 Rfb8 17. Nc3 Ne4 18. Bxe4 fxe4 19. h3 Qb4 20. Rdc1 b5 21. axb5 cxb5 22. c5 a4 23. bxa4 bxa4 24. Rcb1 Qa5 25. Qc2 Bb5 26. Rxb5 Rxb5 27. Rxa4 Qd8 28. Rxa8 Qxa8 29. Nxb5 Qa1+ 30. Kh2 1-0

[Event "Muensterland Verbandsklasse 1314"]
[Site "Germany"]
[Date "2013.11.23"]
[Round "3.6"]
[White "Klueppel, Ralf"]
[Black "Gerighausen, Karl Heinz"]
[Result "1-0"]
[WhiteElo "1734"]
[BlackElo "1679"]
[PlyCount "125"]
[EventDate "2013.09.21"]
[EventType "team-tourn"]
[EventRounds "9"]
[EventCountry "GER"]
[SourceTitle "EXT 2015"]
[Source "ChessBase"]
[SourceDate "2014.11.20"]
[SourceVersion "1"]
[SourceVersionDate "2014.11.20"]
[SourceQuality "1"]
[WhiteTeam "Borken"]
[BlackTeam "Ibbenbueren"]
[WhiteTeamCountry "GER"]
[BlackTeamCountry "GER"]

1. d4 Nf6 2. Nf3 e6 3. e3 d5 4. Bd3 c5 5. c3 Nc6 6. Nbd2 Bd6 7. 0-0 0-0 8. Qe2 Re8 9. dxc5 Bxc5 10. e4 Qc7 11. h3 b6 12. Re1 Bb7 13. e5 Nd7 14. Nf1 f6 15. exf6 Nxf6 16. Bg5 e5 17. Bc2 Rad8 18. Rad1 a6 19. Ne3 d4 20. Qc4+ Kh8 21. Nf5 Na5 22. Qe2 dxc3 23. bxc3 Rxd1 24. Rxd1 Nc4 25. Kf1 b5 26. Nd2 Nxd2+ 27. Qxd2 Bb6 28. Bb3 Rd8 29. Qxd8+ Qxd8 30. Rxd8+ Bxd8 31. Nd6 Bd5 32. Bxd5 Nxd5 33. Bxd8 Nxc3 34. Ba5 Nxa2 35. Ke2 b4 36. Kd2 Nc3 37. Bxb4 Nd5 38. Ba5 Nf4 39. g3 Nxh3 40. Nf7+ Kg8 41. Nxe5 Nxf2 42. Ke3 Nh1 43. g4 Ng3 44. Kf3 h5 45. Kxg3 hxg4 46. Kxg4 Kf8 47. Kf5 Ke7 48. Bb4+ Kd8 49. Ke6 Kc7 50. Ba5+ Kb7 51. Kd7 g5 52. Ng4 Kb8 53. Kc6 Ka7 54. Kc7 Ka8 55. Kc8 Ka7 56. Nf6 g4 57. Nxg4 Ka8 58. Ne3 Ka7 59. Nd5 Ka8 60. Nc7+ Ka7 61. Nd5 Ka8 62. Bb6 a5 63. Nc7# 1-0

[Event "Muensterland Verbandsklasse 1314"]
[Site "Germany"]
[Date "2013.09.21"]
[Round "1.5"]
[White "Iking, Bernhard"]
[Black "Klueppel, Ralf"]
[Result "1/2-1/2"]
[WhiteElo "1792"]
[BlackElo "1734"]
[PlyCount "142"]
[EventDate "2013.09.21"]
[EventType "team-tourn"]
[EventRounds "9"]
[EventCountry "GER"]
[SourceTitle "EXT 2015"]
[Source "ChessBase"]
[SourceDate "2014.11.20"]
[SourceVersion "1"]
[SourceVersionDate "2014.11.20"]
[SourceQuality "1"]
[WhiteTeam "Gescher"]
[BlackTeam "Borken"]
[WhiteTeamCountry "GER"]
[BlackTeamCountry "GER"]

1. d4 Nf6 2. c4 g6 3. Nc3 d5 4. cxd5 Nxd5 5. e4 Nxc3 6. bxc3 Bg7 7. Nf3 c5 8. Bb5+ Bd7 9. Bxd7+ Qxd7 10. 0-0 cxd4 11. cxd4 0-0 12. Be3 Nc6 13. Rc1 Rfd8 14. d5 Ne5 15. Nxe5 Bxe5 16. f4 Bg7 17. Qb3 b6 18. Rc6 Rac8 19. Rfc1 Rxc6 20. Rxc6 e6 21. Qc2 exd5 22. Rc7 Qb5 23. a4 Qb4 24. Kf2 Qxe4 25. Qxe4 dxe4 26. Rxa7 Bd4 27. g4 Bc5 28. Bxc5 bxc5 29. Rc7 Ra8 30. g5 Rxa4 31. Rxc5 Ra2+ 32. Ke3 Rxh2 33. Kxe4 Kg7 34. Rc7 h6 35. Kf3 Rh1 36. Kg3 Rh5 37. Kg4 hxg5 38. fxg5 Rh1 39. Ra7 Re1 40. Rb7 Kf8 41. Ra7 Re4+ 42. Kf3 Rb4 43. Kg3 Rd4 44. Kf3 Ke8 45. Kg3 Rd7 46. Ra3 Ke7 47. Re3+ Kd8 48. Kf4 Rd5 49. Ra3 Ke7 50. Ra7+ Ke6 51. Ra6+ Rd6 52. Ra4 Rd5 53. Ra6+ Ke7 54. Ra7+ Kf8 55. Ra8+ Kg7 56. Ra7 Rf5+ 57. Kg4 Kf8 58. Ra8+ Ke7 59. Ra7+ Kd6 60. Ra6+ Kc7 61. Ra7+ Kb6 62. Ra1 Kb5 63. Rb1+ Kc4 64. Rc1+ Kd3 65. Rd1+ Ke2 66. Ra1 Ke3 67. Ra3+ Kf2 68. Ra2+ Kg1 69. Ra1+ Kg2 70. Ra2+ Rf2 71. Ra3 Rf5 1/2-1/2

[Event "Muensterland Verbandsklasse-B 1213"]
[Site "Germany"]
[Date "2013.01.26"]
[Round "5.6"]
[White "Klueppel, Ralf"]
[Black "Ebert, Bernd"]
[Result "1/2-1/2"]
[WhiteElo "1745"]
[BlackElo "1746"]
[PlyCount "139"]
[EventDate "2012.09.15"]
[EventType "team-tourn"]
[EventRounds "9"]
[EventCountry "GER"]
[SourceTitle "EXT 2015"]
[Source "ChessBase"]
[SourceDate "2014.11.20"]
[SourceVersion "1"]
[SourceVersionDate "2014.11.20"]
[SourceQuality "1"]
[WhiteTeam "Borken"]
[BlackTeam "Telgte"]
[WhiteTeamCountry "GER"]
[BlackTeamCountry "GER"]

1. d4 Nf6 2. Nf3 g6 3. e3 d5 4. Nbd2 Bg7 5. Bd3 0-0 6. 0-0 b6 7. Qe2 Bb7 8. Ne5 c5 9. c3 Nbd7 10. Nxd7 Nxd7 11. f4 e6 12. a4 Qe7 13. b3 f6 14. a5 Bc6 15. Bb2 Rfe8 16. axb6 axb6 17. c4 f5 18. Nf3 h6 19. Qc2 Bf6 20. Bc3 Qg7 21. Ne5 Bxe5 22. fxe5 Qe7 23. Qf2 Kh7 24. Rfb1 Qf8 25. Be2 Rxa1 26. Rxa1 Ra8 27. Qf1 Kg7 28. g3 Kf7 29. Bf3 Rxa1 30. Qxa1 Qa8 31. Qxa8 Bxa8 32. b4 Ke7 33. bxc5 bxc5 34. dxc5 d4 35. Bb4 Bxf3 36. c6+ Kd8 37. cxd7 dxe3 38. Kf1 Kxd7 39. Bc5 e2+ 40. Kf2 Bh5 41. Be3 Kc6 42. c5 g5 43. h4 gxh4 44. gxh4 Kd5 45. Bxh6 Kxc5 46. Ke1 Kd4 47. Bg7 Ke4 48. Kf2 f4 49. Ke1 Kf3 50. Bf6 Kg3 51. Be7 f3 52. Bc5 Kf4 53. Bd6 Ke4 54. Bc7 Ke3 55. Bb6+ Kf4 56. Bc7 Kg3 57. Bb6 Kf4 58. Bc7 Kg3 59. Bb6 Kxh4 60. Kf2 Kg4 61. Bc5 Kf5 62. Bd6 Ke4 63. Bc7 Kd3 64. Ke1 Kc2 65. Bb6 Kd3 66. Bc7 Ke3 67. Bb6+ Ke4 68. Bc7 Ke3 69. Bb6+ Ke4 70. Bc7 1/2-1/2

[Event "Muensterland Verbandsklasse-A 1112"]
[Site "Germany"]
[Date "2012.03.10"]
[Round "7.5"]
[White "Kuhlenbaeumer, Alfred"]
[Black "Klueppel, Ralf"]
[Result "1-0"]
[WhiteElo "1837"]
[BlackElo "1739"]
[PlyCount "91"]
[EventDate "2011.09.17"]
[EventType "team-tourn"]
[EventRounds "9"]
[EventCountry "GER"]
[SourceTitle "EXT 2013"]
[Source "ChessBase"]
[SourceDate "2012.11.22"]
[SourceVersion "1"]
[SourceVersionDate "2012.11.22"]
[SourceQuality "1"]
[WhiteTeam "Telgte"]
[BlackTeam "Borken"]
[WhiteTeamCountry "GER"]
[BlackTeamCountry "GER"]

1. e4 c6 2. d4 d5 3. Nc3 dxe4 4. Nxe4 Bf5 5. Ng3 Bg6 6. Nf3 Nd7 7. Bd3 Bxd3 8. Qxd3 e6 9. Bd2 Ngf6 10. 0-0 Be7 11. Rfe1 0-0 12. Rad1 Rc8 13. c4 a6 14. Bc3 b5 15. b3 Re8 16. Qd2 h6 17. Ba5 Nb6 18. c5 Bxc5 19. dxc5 Qxd2 20. Rxd2 Nbd5 21. a3 Nd7 22. Rc2 N7f6 23. Ne4 Nxe4 24. Rxe4 g6 25. Rh4 h5 26. g4 hxg4 27. Ne5 Kg7 28. Nxg4 f6 29. Ne3 g5 30. Rd4 Nf4 31. Rd7+ Kg6 32. Rcd2 Rh8 33. Bc7 Rh5 34. Bxf4 gxf4 35. Nc2 Rxc5 36. f3 Rg8 37. Rg2+ Rg5 38. Rxg5+ Kxg5 39. Nd4 c5 40. Nxe6+ Kf5+ 41. Rg7 Rxg7+ 42. Nxg7+ Ke5 43. Kf2 a5 44. Ke2 f5 45. Kd3 Kf6 46. Ne8+ 1-0

[Event "Muensterland Verbandsklasse-A 1112"]
[Site "Germany"]
[Date "2011.09.17"]
[Round "1.6"]
[White "Pigulla, Dirk"]
[Black "Klueppel, Ralf"]
[Result "0-1"]
[WhiteElo "1560"]
[BlackElo "1739"]
[PlyCount "58"]
[EventDate "2011.09.17"]
[EventType "team-tourn"]
[EventRounds "9"]
[EventCountry "GER"]
[SourceTitle "EXT 2013"]
[Source "ChessBase"]
[SourceDate "2012.11.22"]
[SourceVersion "1"]
[SourceVersionDate "2012.11.22"]
[SourceQuality "1"]
[WhiteTeam "Ostbevern Westbevern II"]
[BlackTeam "Borken"]
[WhiteTeamCountry "GER"]
[BlackTeamCountry "GER"]

1. d4 Nf6 2. Bf4 g6 3. e3 Bg7 4. Nf3 d5 5. Nbd2 0-0 6. Bd3 Nbd7 7. h4 c5 8. c3 b6 9. Ne5 Bb7 10. g4 Ne4 11. Qf3 Nxe5 12. Bxe5 f6 13. Bh2 Nxd2 14. Kxd2 e5 15. Qh3 e4 16. Be2 cxd4 17. cxd4 b5 18. b4 a5 19. Rhc1 Rc8 20. Bxb5 Qb6 21. a4 axb4 22. Qg3 b3 23. Rc7 Qa5+ 24. Ke2 Ba6 25. Qd6 Bxb5+ 26. axb5 Qxb5+ 27. Kd2 Rxc7 28. Qxc7 b2 29. Ra7 Qd3+ 0-1

[Event "Muensterland Verbandsklasse-B 1011"]
[Site "Germany"]
[Date "2011.03.12"]
[Round "8.6"]
[White "Keller, Hansjuergen"]
[Black "Klueppel, Ralf"]
[Result "1/2-1/2"]
[WhiteElo "1606"]
[BlackElo "1746"]
[PlyCount "46"]
[EventDate "2010.09.18"]
[EventType "team-tourn"]
[EventRounds "9"]
[EventCountry "GER"]
[SourceTitle "EXT 2012"]
[Source "ChessBase"]
[SourceDate "2011.11.24"]
[SourceVersion "1"]
[SourceVersionDate "2011.11.24"]
[SourceQuality "1"]
[WhiteTeam "Nordwalde"]
[BlackTeam "Borken"]
[WhiteTeamCountry "GER"]
[BlackTeamCountry "GER"]

1. d4 Nf6 2. Bf4 g6 3. Nf3 Bg7 4. e3 d5 5. Be2 c5 6. c3 cxd4 7. exd4 Nc6 8. Nbd2 a6 9. Ne5 Nd7 10. Nxd7 Qxd7 11. a4 Qf5 12. Bg3 e5 13. dxe5 Nxe5 14. Nf3 Nxf3+ 15. Bxf3 Qe6+ 16. Be2 0-0 17. 0-0 Qb6 18. Qd2 Be6 19. a5 Qc5 20. Bf4 d4 21. cxd4 Qxd4 22. Qxd4 Bxd4 23. Bf3 Rfd8 1/2-1/2

[Event "Muensterland Verbandsklasse-B 1011"]
[Site "Germany"]
[Date "2011.02.19"]
[Round "7.5"]
[White "Broemmel, Chris"]
[Black "Klueppel, Ralf"]
[Result "1/2-1/2"]
[WhiteElo "1824"]
[BlackElo "1746"]
[PlyCount "27"]
[EventDate "2010.09.18"]
[EventType "team-tourn"]
[EventRounds "9"]
[EventCountry "GER"]
[SourceTitle "EXT 2012"]
[Source "ChessBase"]
[SourceDate "2011.11.24"]
[SourceVersion "1"]
[SourceVersionDate "2011.11.24"]
[SourceQuality "1"]
[WhiteTeam "Raesfeld Erle"]
[BlackTeam "Borken"]
[WhiteTeamCountry "GER"]
[BlackTeamCountry "GER"]

1. e4 Nc6 2. Nf3 d5 3. exd5 Qxd5 4. Nc3 Qa5 5. Bc4 Bg4 6. h3 Bh5 7. Bb5 0-0-0 8. Bxc6 bxc6 9. 0-0 Nf6 10. d3 e6 11. Bd2 Qf5 12. Re1 Bxf3 13. Qxf3 Qxf3 14. gxf3 1/2-1/2

[Event "Muensterland Verbandsklasse-B 1011"]
[Site "Germany"]
[Date "2010.11.13"]
[Round "3.6"]
[White "Klueppel, Ralf"]
[Black "Skrodzki, Heinz Werner"]
[Result "0-1"]
[WhiteElo "1746"]
[BlackElo "1668"]
[PlyCount "38"]
[EventDate "2010.09.18"]
[EventType "team-tourn"]
[EventRounds "9"]
[EventCountry "GER"]
[SourceTitle "EXT 2012"]
[Source "ChessBase"]
[SourceDate "2011.11.24"]
[SourceVersion "1"]
[SourceVersionDate "2011.11.24"]
[SourceQuality "1"]
[WhiteTeam "Borken"]
[BlackTeam "Heiden II"]
[WhiteTeamCountry "GER"]
[BlackTeamCountry "GER"]

1. d4 d5 2. Nf3 Nf6 3. e3 Bg4 4. Nbd2 e6 5. c3 Nbd7 6. Be2 c5 7. 0-0 Bd6 8. h3 Bh5 9. a3 c4 10. Re1 0-0 11. g4 Bg6 12. Nh4 Ne4 13. Nxg6 Nxf2 14. Ne7+ Qxe7 15. Kxf2 Qh4+ 16. Kg1 Qg3+ 17. Kf1 Qxh3+ 18. Kg1 Qh2+ 19. Kf1 Bg3 0-1

[Event "Muensterland Verbandsklasse-A 0910"]
[Site "Germany"]
[Date "2010.02.20"]
[Round "7.6"]
[White "Klueppel, Ralf"]
[Black "Binger, Friedhelm"]
[Result "1/2-1/2"]
[WhiteElo "1714"]
[BlackElo "1780"]
[PlyCount "53"]
[EventDate "2009.09.19"]
[EventType "team-tourn"]
[EventRounds "9"]
[EventCountry "GER"]
[SourceTitle "EXT 2011"]
[Source "ChessBase"]
[SourceDate "2010.11.26"]
[SourceVersion "1"]
[SourceVersionDate "2010.11.26"]
[SourceQuality "1"]
[WhiteTeam "Borken"]
[BlackTeam "Gronau"]
[WhiteTeamCountry "GER"]
[BlackTeamCountry "GER"]

1. d4 d5 2. Nf3 Nf6 3. e3 e6 4. Bd3 c5 5. b3 Nc6 6. 0-0 Be7 7. Bb2 0-0 8. Nbd2 Nb4 9. Be2 b6 10. c3 Nc6 11. Rc1 cxd4 12. exd4 Bb7 13. Bd3 Nd7 14. Re1 Bd6 15. c4 Re8 16. Ne5 Ncxe5 17. dxe5 Bc5 18. Nf3 Qe7 19. Qe2 Rad8 20. h4 h6 21. Bb1 Nf8 22. Bd3 dxc4 23. Rxc4 Ba6 24. Qe4 Bxc4 25. bxc4 Rd7 26. Bc2 Red8 27. Bc1 1/2-1/2